| 000 | 00554 a2200157 4500 | ||
|---|---|---|---|
| 005 | 20250519072545.0 | ||
| 020 | _a0-07-059045-1 | ||
| 082 | _aLECT 368 BRE | ||
| 100 | _aBREALEY, R. A. | ||
| 245 | _aCorporate Finance: Financing and Risk Management | ||
| 260 |
_aNew Delhi, _bTata McGraw-Hill Publishing Company Limited, _c2004. |
||
| 300 |
_aix, 477p.: ill.; figure, table. _bGlossary & Index. _c25cm. |
||
| 700 | _aMYERS, S. C. | ||
| 856 |
_yAccess Online Book _fCorporate Finance: Financing and Risk Management _dwww.tatamcgrawhill.com |
||
| 942 |
_2ddc _cBKS |
||
| 999 |
_c2424 _d2424 |
||